[Event "XIX. DBMM Schach"]
[Site "Billerbeck"]
[Date "2019.09.06"]
[Round "4.2"]
[White "Kettenburg, Stefan"]
[Black "Kludszuweit, Kim Ira"]
[Result "1-0"]
[WhiteElo "2075"]
[BlackElo "1665"]
[Annotator "br"]
[PlyCount "31"]
[EventDate "2019.09.??"]
[EventType "team-swiss"]
[EventRounds "7"]
[EventCountry "GER"]
[SourceTitle "XIX. DBMM 2019"]
[Source "FV Schach e.V."]
[SourceDate "2019.09.09"]
[SourceVersion "4"]
[SourceVersionDate "2019.10.16"]
[SourceQuality "1"]
[WhiteTeam "BA Tempelhof Berlin"]
[BlackTeam "Vodafone Duesseldorf II"]
[WhiteTeamCountry "GER"]
[BlackTeamCountry "GER"]

1. d4 d5 2. Nf3 Nc6 3. Bf4 Nf6 4. e3 e6 5. c4 Be7 6. Nc3 O-O 7. a3 Nh5 8. Bg3
dxc4 9. Bxc4 Nxg3 10. hxg3 Bf6 11. Qc2 g6 12. O-O-O a6 13. d5 Bxc3 14. dxe6
Bxb2+ 15. Qxb2 Qe7 16. Rxh7 1-0

[Event "XIX. DBMM Schach"]
[Site "Billerbeck"]
[Date "2019.09.06"]
[Round "4.3"]
[White "Baader, Matthieu"]
[Black "Koerlin, Hans Juergen"]
[Result "0-1"]
[WhiteElo "1420"]
[BlackElo "1916"]
[Annotator "hjk"]
[PlyCount "87"]
[EventDate "2019.09.??"]
[EventType "team-swiss"]
[EventRounds "7"]
[EventCountry "GER"]
[SourceTitle "XIX. DBMM 2019"]
[Source "FV Schach e.V."]
[SourceDate "2019.09.09"]
[SourceVersion "4"]
[SourceVersionDate "2019.10.16"]
[SourceQuality "1"]
[WhiteTeam "Vodafone Duesseldorf II"]
[BlackTeam "BA Tempelhof Berlin"]
[WhiteTeamCountry "GER"]
[BlackTeamCountry "GER"]

1. c4 e5 2. Nc3 Nc6 3. d3 Bc5 4. e4 d6 5. Be2 f5 6. Nf3 Nf6 7. Bg5 h6 8. Bxf6
Qxf6 9. Nd5 Qf7 10. O-O Nd4 11. b3 c6 12. Nc3 O-O 13. Na4 Nxf3+ 14. Bxf3 Bd4
15. Rc1 Qg6 16. Nc3 f4 17. Kh1 Qg5 18. Ne2 Bb6 19. Rc2 h5 20. h3 Rf6 21. Kh2
Qh4 22. Ng1 Rh6 23. g4 fxg3+ 24. fxg3 Bxg1+ 25. Kxg1 Qxg3+ 26. Rg2 Qxh3 27. Kf2
Qh4+ 28. Rg3 Rg6 29. Rfg1 Be6 30. Bxh5 Rf8+ 31. Bf3 Rxf3+ 32. Qxf3 Rf6 33. Qxf6
Qxf6+ 34. Ke2 Bf7 35. Rg5 a5 36. Rf5 Qh4 37. Rfg5 Bh5+ 38. Kd2 g6 39. c5 d5 40.
Kc3 d4+ 41. Kc4 Kh7 42. Rxe5 Qf4 43. Re7+ Kh6 44. Rxb7 {nächste Züge passen
nicht.} 0-1

[Event "XIX. DBMM Schach"]
[Site "Billerbeck"]
[Date "2019.09.06"]
[Round "4.1"]
[White "Bollmann, Laslo"]
[Black "Koscielski, Janusz"]
[Result "0-1"]
[WhiteElo "1848"]
[BlackElo "2270"]
[Annotator "br"]
[PlyCount "77"]
[EventDate "2019.09.??"]
[EventType "team-swiss"]
[EventRounds "7"]
[EventCountry "GER"]
[SourceTitle "XIX. DBMM 2019"]
[Source "FV Schach e.V."]
[SourceDate "2019.09.09"]
[SourceVersion "4"]
[SourceVersionDate "2019.10.16"]
[SourceQuality "1"]
[WhiteTeam "AGI Frankfurt II"]
[BlackTeam "EKJ Herne und Wanne-Eickel"]
[WhiteTeamCountry "GER"]
[BlackTeamCountry "GER"]

1. e4 c5 2. Nf3 d6 3. d4 cxd4 4. Nxd4 Nf6 5. Nc3 a6 6. Be3 e5 7. Nb3 Be6 8. Qd2
Nbd7 9. O-O-O b5 10. f3 Nb6 11. Bxb6 Qxb6 12. Nd5 Bxd5 13. exd5 Be7 14. Na5 Nd7
15. Bd3 g6 16. g4 Bh4 17. Rdf1 h6 18. Kb1 Bg5 19. Qe1 Bf4 20. h4 h5 21. gxh5
Rxh5 22. Rfg1 Rh6 23. Nc6 Nf6 24. Be4 a5 25. h5 g5 26. Qf1 Rc8 27. Qh3 Rxc6 28.
dxc6 Qc7 29. Qf5 d5 30. Bd3 Qxc6 31. Rxg5 Kf8 32. Rg2 b4 33. c3 bxc3 34. bxc3
Nd7 35. Rb2 Rf6 36. Qh3 Nb6 37. Qf1 Qxc3 38. Qe2 Rc6 39. Bb5 0-1

[Event "XIX. DBMM Schach"]
[Site "Billerbeck"]
[Date "2019.09.06"]
[Round "4.3"]
[White "Baumann, Christoph"]
[Black "Leveikina, Jevgenija"]
[Result "0-1"]
[WhiteElo "1093"]
[BlackElo "2084"]
[Annotator "br"]
[PlyCount "28"]
[EventDate "2019.09.??"]
[EventType "team-swiss"]
[EventRounds "7"]
[EventCountry "GER"]
[SourceTitle "XIX. DBMM 2019"]
[Source "FV Schach e.V."]
[SourceDate "2019.09.09"]
[SourceVersion "4"]
[SourceVersionDate "2019.10.16"]
[SourceQuality "1"]
[WhiteTeam "AGI Frankfurt II"]
[BlackTeam "EKJ Herne und Wanne-Eickel"]
[WhiteTeamCountry "GER"]
[BlackTeamCountry "GER"]

1. d4 d5 2. c4 c6 3. Nf3 Nf6 4. Nc3 dxc4 5. e3 b5 6. b3 b4 7. Ne2 c3 8. a3 e6
9. Ne5 Bb7 10. axb4 Bxb4 11. Ba3 c2+ 12. Bxb4 cxd1=Q+ 13. Rxd1 Na6 14. Ba3 Qa5+
0-1

[Event "XIX. DBMM Schach"]
[Site "Billerbeck"]
[Date "2019.09.06"]
[Round "4.4"]
[White "Selmanaj, Agim"]
[Black "Hoffmann, Frank"]
[Result "1/2-1/2"]
[WhiteElo "1643"]
[BlackElo "1494"]
[Annotator "br"]
[PlyCount "52"]
[EventDate "2019.09.??"]
[EventType "team-swiss"]
[EventRounds "7"]
[EventCountry "GER"]
[SourceTitle "XIX. DBMM 2019"]
[Source "FV Schach e.V."]
[SourceDate "2019.09.09"]
[SourceVersion "4"]
[SourceVersionDate "2019.10.16"]
[SourceQuality "1"]
[WhiteTeam "EKJ Herne und Wanne-Eickel"]
[BlackTeam "AGI Frankfurt II"]
[WhiteTeamCountry "GER"]
[BlackTeamCountry "GER"]

1. e4 c6 2. d4 d5 3. e5 Bf5 4. Bd3 Bxd3 5. Qxd3 e6 6. f4 Nd7 7. Nf3 h6 8. Nc3
a6 9. a3 c5 10. dxc5 Bxc5 11. Nd4 Ne7 12. Be3 O-O 13. O-O Rc8 14. Kh1 Bxd4 15.
Bxd4 Nf5 16. Ne2 Nxd4 17. Nxd4 Nc5 18. Qe2 Ne4 19. c3 Qh4 20. Rf3 Rc7 21. Raf1
Qe7 22. Nb3 Rcc8 23. Nd2 Nxd2 $11 24. Qxd2 Qc5 25. Rg3 f5 26. exf6 Rxf6 1/2-1/2

[Event "XIX. DBMM Schach"]
[Site "Billerbeck"]
[Date "2019.09.06"]
[Round "4.1"]
[White "Stalz, Manfred"]
[Black "Molinaroli, Martin"]
[Result "1/2-1/2"]
[WhiteElo "1709"]
[BlackElo "2162"]
[Annotator "br"]
[PlyCount "91"]
[EventDate "2019.09.??"]
[EventType "team-swiss"]
[EventRounds "7"]
[EventCountry "GER"]
[SourceTitle "XIX. DBMM 2019"]
[Source "FV Schach e.V."]
[SourceDate "2019.09.09"]
[SourceVersion "4"]
[SourceVersionDate "2019.10.16"]
[SourceQuality "1"]
[WhiteTeam "abatec Billerbeck"]
[BlackTeam "Westf. Provinzial-Versicherung Muenster"]
[WhiteTeamCountry "GER"]
[BlackTeamCountry "GER"]

1. d4 g6 2. Bf4 c5 3. e3 Bg7 4. c3 b6 5. dxc5 bxc5 6. Qd5 Nc6 7. Bc4 e6 8. Qxc5
Nge7 9. Nf3 O-O 10. Bd6 Nf5 11. Bxf8 Bxf8 12. Qb5 Rb8 13. Qa4 Qb6 14. O-O Qxb2
15. Nbd2 Qxc3 16. Rab1 Qa3 17. Qxa3 Bxa3 18. Rxb8 Nxb8 19. Rb1 Nc6 20. Bb5 Nfe7
21. Nc4 Bc5 22. Nfe5 Nxe5 23. Nxe5 d6 24. Bd7 Ba6 25. Nc6 Nxc6 26. Bxc6 Bc4 27.
a4 Bb6 28. Bb5 Bd5 29. Rd1 Kg7 30. Kf1 h5 31. Rd3 Kf6 32. f3 Ke7 33. Ke2 f5 34.
Rc3 Bc5 35. Kd3 e5 36. e4 Be6 37. Bc4 Bd7 38. Bb3 Bc6 39. exf5 gxf5 40. Rc4 e4+
41. fxe4 Bxe4+ 42. Rxe4+ fxe4+ 43. Kxe4 Bf2 44. h3 h4 45. Kf5 Kd7 46. Bc4
1/2-1/2

[Event "XIX. DBMM Schach"]
[Site "Billerbeck"]
[Date "2019.09.06"]
[Round "4.2"]
[White "Boerger, Andreas"]
[Black "Stegemann, Sven"]
[Result "1-0"]
[WhiteElo "1768"]
[BlackElo "1586"]
[Annotator "sst"]
[PlyCount "55"]
[EventDate "2019.09.??"]
[EventType "team-swiss"]
[EventRounds "7"]
[EventCountry "GER"]
[SourceTitle "XIX. DBMM 2019"]
[Source "FV Schach e.V."]
[SourceDate "2019.09.09"]
[SourceVersion "4"]
[SourceVersionDate "2019.10.16"]
[SourceQuality "1"]
[WhiteTeam "Westf. Provinzial-Versicherung Muenster"]
[BlackTeam "abatec Billerbeck"]
[WhiteTeamCountry "GER"]
[BlackTeamCountry "GER"]

1. c4 Nf6 2. Nc3 e5 3. g3 d5 4. cxd5 Nxd5 5. Bg2 c6 6. Nxd5 cxd5 7. Qb3 e4 8.
d3 exd3 9. Bxd5 Qf6 10. Bxb7 Bc5 11. Nf3 Bxb7 12. Qxb7 Qc6 13. Qxc6+ Nxc6 14.
e3 Bb4+ 15. Bd2 Rc8 16. Rc1 Ke7 17. a3 Ba5 18. Bc3 Rhd8 19. Kd2 Rb8 20. b4 Nxb4
21. axb4 Bxb4 22. Bxb4+ Rxb4 23. Rb1 Ra4 24. Ra1 Rb4 25. Rhb1 Rdb8 26. Rxa7+
Kf6 27. Rxb4 Rxb4 28. Kxd3 1-0

[Event "XIX. DBMM Schach"]
[Site "Billerbeck"]
[Date "2019.09.06"]
[Round "4.3"]
[White "Broeker, Martin"]
[Black "Gerighausen, Karl Heinz"]
[Result "1/2-1/2"]
[WhiteElo "1553"]
[BlackElo "1830"]
[Annotator "br"]
[PlyCount "36"]
[EventDate "2019.09.??"]
[EventType "team-swiss"]
[EventRounds "7"]
[EventCountry "GER"]
[SourceTitle "XIX. DBMM 2019"]
[Source "FV Schach e.V."]
[SourceDate "2019.09.09"]
[SourceVersion "4"]
[SourceVersionDate "2019.10.16"]
[SourceQuality "1"]
[WhiteTeam "abatec Billerbeck"]
[BlackTeam "Westf. Provinzial-Versicherung Muenster"]
[WhiteTeamCountry "GER"]
[BlackTeamCountry "GER"]

1. d4 Nf6 2. Bg5 e6 3. Nf3 c5 4. e3 cxd4 5. exd4 Be7 6. Nbd2 O-O 7. Bd3 d6 8.
O-O Nbd7 9. Re1 Re8 10. c3 Nf8 11. h3 Bd7 12. Bf4 Qb6 13. Rb1 Rac8 14. Nc4 Qc7
15. Qe2 Bc6 16. Ncd2 b6 17. Ne4 Nxe4 18. Bxe4 Bxe4 1/2-1/2

[Event "XIX. DBMM Schach"]
[Site "Billerbeck"]
[Date "2019.09.06"]
[Round "4.4"]
[White "Kuestermann, Dieter"]
[Black "Bechtloff, Horst"]
[Result "1/2-1/2"]
[WhiteElo "1810"]
[BlackElo "1545"]
[Annotator "br"]
[PlyCount "66"]
[EventDate "2019.09.??"]
[EventType "team-swiss"]
[EventRounds "7"]
[EventCountry "GER"]
[SourceTitle "XIX. DBMM 2019"]
[Source "FV Schach e.V."]
[SourceDate "2019.09.09"]
[SourceVersion "4"]
[SourceVersionDate "2019.10.16"]
[SourceQuality "1"]
[WhiteTeam "Westf. Provinzial-Versicherung Muenster"]
[BlackTeam "abatec Billerbeck"]
[WhiteTeamCountry "GER"]
[BlackTeamCountry "GER"]

1. e4 d5 2. exd5 Qxd5 3. Nc3 Qd6 4. d4 Nf6 5. Nf3 c6 6. Be2 Bg4 7. Be3 Nbd7 8.
Qd2 Nd5 9. O-O e6 10. Ne4 Qc7 11. Bg5 Be7 12. c4 N5f6 13. Nxf6+ Nxf6 14. Rac1
Ne4 15. Qf4 Qxf4 16. Bxf4 Rd8 17. Rfd1 O-O 18. Be3 h6 19. h3 Bh5 20. a3 f5 21.
d5 exd5 22. cxd5 cxd5 23. Bxa7 Bf6 24. Bd4 Bxd4 25. Nxd4 Bxe2 26. Nxe2 Rf7 27.
Rd4 g5 28. Rcd1 Rfd7 29. f4 Kf7 30. Kh2 Kf6 31. fxg5+ hxg5 32. Ng3 Nxg3 33.
Kxg3 Ke5 1/2-1/2

[Event "XIX. DBMM Schach"]
[Site "Billerbeck"]
[Date "2019.09.06"]
[Round "4.1"]
[White "Blum, Norbert"]
[Black "Warnest, Stefan"]
[Result "1-0"]
[WhiteElo "1965"]
[BlackElo "1601"]
[Annotator "sw"]
[PlyCount "71"]
[EventDate "2019.09.??"]
[EventType "team-swiss"]
[EventRounds "7"]
[EventCountry "GER"]
[SourceTitle "XIX. DBMM 2019"]
[Source "FV Schach e.V."]
[SourceDate "2019.09.09"]
[SourceVersion "4"]
[SourceVersionDate "2019.10.16"]
[SourceQuality "1"]
[WhiteTeam "Sparkassen-Vers. Stuttgart"]
[BlackTeam "BA Tempelhof Berlin II"]
[WhiteTeamCountry "GER"]
[BlackTeamCountry "GER"]

1. e4 c6 2. d4 d5 3. f3 dxe4 4. fxe4 e6 5. Nf3 Nf6 6. e5 Nd5 7. c4 Bb4+ 8. Bd2
Bxd2+ 9. Qxd2 Nb6 10. Bd3 O-O 11. Nc3 f5 12. exf6 Qxf6 13. O-O Qe7 14. Qg5 Qxg5
15. Nxg5 Rxf1+ 16. Rxf1 g6 17. Nce4 Na6 18. Rf7 Nd7 19. Rxh7 Nb4 20. Bb1 b5 21.
a3 Na6 22. cxb5 cxb5 23. Ba2 Nc7 24. Nd6 Nd5 25. Bxd5 exd5 26. Nxc8 Rxc8 27.
Rxd7 Rc1+ 28. Kf2 Rc2+ 29. Kg3 Rxb2 30. Rxd5 b4 31. axb4 Rxb4 32. Kf4 a5 33.
Ke5 a4 34. Ra5 Kg7 35. h4 Rb2 36. Ra7+ 1-0

[Event "XIX. DBMM Schach"]
[Site "Billerbeck"]
[Date "2019.09.06"]
[Round "4.2"]
[White "Quast, Michael_x2"]
[Black "Marten, Gero"]
[Result "1/2-1/2"]
[WhiteElo "1806"]
[BlackElo "2008"]
[Annotator "mq"]
[PlyCount "23"]
[EventDate "2019.09.??"]
[EventType "team-swiss"]
[EventRounds "7"]
[EventCountry "GER"]
[SourceTitle "XIX. DBMM 2019"]
[Source "FV Schach e.V."]
[SourceDate "2019.09.09"]
[SourceVersion "4"]
[SourceVersionDate "2019.10.16"]
[SourceQuality "1"]
[WhiteTeam "BA Tempelhof Berlin II"]
[BlackTeam "Sparkassen-Vers. Stuttgart"]
[WhiteTeamCountry "GER"]
[BlackTeamCountry "GER"]

1. b3 e5 2. Bb2 Nc6 3. e3 d6 4. Bb5 Bd7 5. Ne2 Nf6 6. O-O a6 7. Bxc6 Bxc6 8. f4
Qe7 9. c4 O-O-O 10. Nbc3 h5 11. h3 h4 12. a4 1/2-1/2

[Event "XIX. DBMM Schach"]
[Site "Billerbeck"]
[Date "2019.09.06"]
[Round "4.3"]
[White "Lau, Peter"]
[Black "Meseck, Michael"]
[Result "1-0"]
[WhiteElo "1701"]
[BlackElo "1593"]
[Annotator "br"]
[PlyCount "110"]
[EventDate "2019.09.??"]
[EventType "team-swiss"]
[EventRounds "7"]
[EventCountry "GER"]
[SourceTitle "XIX. DBMM 2019"]
[Source "FV Schach e.V."]
[SourceDate "2019.09.09"]
[SourceVersion "4"]
[SourceVersionDate "2019.10.16"]
[SourceQuality "1"]
[WhiteTeam "Sparkassen-Vers. Stuttgart"]
[BlackTeam "BA Tempelhof Berlin II"]
[WhiteTeamCountry "GER"]
[BlackTeamCountry "GER"]

1. e4 e5 2. Nf3 Nc6 3. Bb5 a6 4. Ba4 Nf6 5. O-O Be7 6. Re1 b5 7. Bb3 O-O 8. c3
d6 9. h3 Na5 10. Bc2 c5 11. d3 Bb7 12. Nbd2 Re8 13. Nf1 Qc7 14. Ng3 g6 15. Be3
Rad8 16. Rc1 Bf8 17. Bg5 Bg7 18. Qd2 Rd7 19. b4 cxb4 20. cxb4 Nc6 21. Bb3 Qb6
22. a3 Qa7 23. Be3 Qa8 24. Bh6 Nd4 25. Nxd4 exd4 26. Bxg7 Kxg7 27. Qg5 Re5 28.
Nf5+ Rxf5 29. exf5 Qd8 30. fxg6 fxg6 31. Qf4 Nh5 32. Qxd4+ Qf6 33. Qxf6+ Kxf6
34. g3 d5 35. Re8 Ng7 36. Rf8+ Ke7 37. Rh8 h5 38. g4 Kf6 39. Kh2 hxg4 40. hxg4
Ne6 41. Kg3 Nd4 42. Bd1 Re7 43. Bf3 Kg5 44. Rc5 Nxf3 45. Kxf3 Kf6 46. Kg3 Ke5
47. Rf8 Kd4 48. Rf3 Rg7 49. g5 Re7 50. Rf6 Rg7 51. Rf3 Re7 $11 52. Rc1 Rg7 53.
Re3 Rd7 54. Re6 Rg7 55. Rd1 Kc3 1-0

[Event "XIX. DBMM Schach"]
[Site "Billerbeck"]
[Date "2019.09.06"]
[Round "4.4"]
[White "Mahler, Sonja"]
[Black "Wirth, Volker"]
[Result "1/2-1/2"]
[WhiteElo "1428"]
[BlackElo "1759"]
[Annotator "br"]
[PlyCount "69"]
[EventDate "2019.09.??"]
[EventType "team-swiss"]
[EventRounds "7"]
[EventCountry "GER"]
[SourceTitle "XIX. DBMM 2019"]
[Source "FV Schach e.V."]
[SourceDate "2019.09.09"]
[SourceVersion "4"]
[SourceVersionDate "2019.10.16"]
[SourceQuality "1"]
[WhiteTeam "BA Tempelhof Berlin II"]
[BlackTeam "Sparkassen-Vers. Stuttgart"]
[WhiteTeamCountry "GER"]
[BlackTeamCountry "GER"]

1. d4 d5 2. Bf4 Nf6 3. e3 Bf5 4. c3 e6 5. Qb3 b6 6. Nf3 Bd6 7. Bg5 O-O 8. Ne5
h6 9. Bh4 g5 10. Bg3 Bxe5 11. dxe5 Ne4 12. Be2 c5 13. f3 c4 14. Qd1 Nxg3 15.
hxg3 Kg7 16. Nd2 f6 17. e4 Bg6 18. exd5 exd5 19. e6 Re8 20. Kf2 Rxe6 21. Nxc4
Qe7 22. Qxd5 Nc6 23. Rae1 Re8 24. Qd2 Qc5+ 25. Kf1 b5 26. b4 Qe7 27. Nb2 Re5
28. f4 Re3 29. Kf2 a6 30. a4 bxa4 31. Nxa4 Nb8 32. Nb2 gxf4 33. gxf4 Qc7 34.
Rh4 Qxc3 35. Qxc3 1/2-1/2

[Event "XIX. DBMM Schach"]
[Site "Billerbeck"]
[Date "2019.09.06"]
[Round "4.1"]
[White "Hufnagel, Markus"]
[Black "Jacobsen, Ruediger"]
[Result "1-0"]
[WhiteElo "1679"]
[BlackElo "1433"]
[Annotator "br"]
[PlyCount "81"]
[EventDate "2019.09.??"]
[EventType "team-swiss"]
[EventRounds "7"]
[EventCountry "GER"]
[SourceTitle "XIX. DBMM 2019"]
[Source "FV Schach e.V."]
[SourceDate "2019.09.09"]
[SourceVersion "4"]
[SourceVersionDate "2019.10.16"]
[SourceQuality "1"]
[WhiteTeam "Deutsche Bahn Oberhausen"]
[BlackTeam "SG Airbus Bremen"]
[WhiteTeamCountry "GER"]
[BlackTeamCountry "GER"]

1. c4 Nf6 2. Nc3 g6 3. g3 Bg7 4. Bg2 O-O 5. e4 Nc6 6. Nge2 d6 7. O-O Ne5 8. d3
c6 9. h3 a6 10. f4 Ned7 11. Be3 Qc7 12. Rb1 e5 13. b4 exf4 14. gxf4 Rd8 15. d4
Nb6 16. Qb3 Be6 17. d5 cxd5 18. exd5 Bf5 19. Rbd1 Nxc4 20. Bf2 b5 21. Nd4 Bd7
22. Nce2 Re8 23. Ng3 Re7 24. Ne6 fxe6 25. dxe6 Bc6 26. f5 Bxg2 27. Kxg2 g5 28.
Qf3 Rc8 29. Nh5 Qc6 30. Qxc6 Rxc6 31. Nxg7 Kxg7 32. Rfe1 Ne5 33. Bg3 Ne8 34.
Rxe5 dxe5 35. Bxe5+ Nf6 36. Rd7 Rc7 37. Rxc7 Rxc7 38. Bxc7 Nd5 39. Be5+ Kf8 40.
f6 Ke8 41. f7+ 1-0

[Event "XIX. DBMM Schach"]
[Site "Billerbeck"]
[Date "2019.09.06"]
[Round "4.2"]
[White "Hueners, Rolf"]
[Black "Engling, Dirk"]
[Result "0-1"]
[WhiteElo "1400"]
[BlackElo "1662"]
[Annotator "br"]
[PlyCount "80"]
[EventDate "2019.09.??"]
[EventType "team-swiss"]
[EventRounds "7"]
[EventCountry "GER"]
[SourceTitle "XIX. DBMM 2019"]
[Source "FV Schach e.V."]
[SourceDate "2019.09.09"]
[SourceVersion "4"]
[SourceVersionDate "2019.10.16"]
[SourceQuality "1"]
[WhiteTeam "SG Airbus Bremen"]
[BlackTeam "Deutsche Bahn Oberhausen"]
[WhiteTeamCountry "GER"]
[BlackTeamCountry "GER"]

1. d4 Nf6 2. e3 d6 3. Bd3 e5 4. c3 e4 5. Bc2 d5 6. b3 Bd6 7. Nd2 Bg4 8. f3 exf3
9. Ngxf3 Qe7 10. Qe2 O-O 11. O-O Re8 12. Re1 Ne4 13. Bb2 f5 14. Qf1 Nd7 15. a3
Qf6 16. c4 c6 17. cxd5 cxd5 18. b4 Qh6 19. h3 Bg3 20. Re2 Nxd2 21. Rxd2 Qxe3+
22. Rf2 Bxf3 23. gxf3 Bxf2+ 24. Qxf2 Qxf2+ 25. Kxf2 g6 26. Bc1 Nf6 27. Bf4 Rac8
28. Bb3 Rc3 29. Rb1 Kg7 30. Be5 Rd8 31. a4 g5 32. a5 Kg6 33. Ba4 Rdc8 34. Rg1
Ra3 35. Bb5 Rc2+ 36. Be2 Raa2 37. Re1 f4 38. Kf1 Rd2 39. h4 Nh5 40. Bb5 Ng3+
0-1

[Event "XIX. DBMM Schach"]
[Site "Billerbeck"]
[Date "2019.09.06"]
[Round "4.3"]
[White "Holdsch, Peter Michael"]
[Black "Mikoteit, Siegfried"]
[Result "1-0"]
[WhiteElo "1634"]
[BlackElo "1314"]
[Annotator "br"]
[PlyCount "69"]
[EventDate "2019.09.??"]
[EventType "team-swiss"]
[EventRounds "7"]
[EventCountry "GER"]
[SourceTitle "XIX. DBMM 2019"]
[Source "FV Schach e.V."]
[SourceDate "2019.09.09"]
[SourceVersion "4"]
[SourceVersionDate "2019.10.16"]
[SourceQuality "1"]
[WhiteTeam "Deutsche Bahn Oberhausen"]
[BlackTeam "SG Airbus Bremen"]
[WhiteTeamCountry "GER"]
[BlackTeamCountry "GER"]

1. d4 d5 2. e4 dxe4 3. Nc3 Nf6 4. f3 Bf5 5. fxe4 Bxe4 6. Nxe4 Nxe4 7. Nf3 e6 8.
a3 Nd7 9. Bd3 Nef6 10. Bg5 h6 11. Bh4 Be7 12. O-O Nd5 13. Bxe7 Qxe7 14. c4 Ne3
15. Qe2 Nxf1 16. Rxf1 O-O-O 17. Qc2 Qd6 18. b4 a6 19. c5 Qc6 20. a4 f5 21. b5
axb5 22. axb5 Qd5 23. Bc4 Qe4 24. Qc3 Nf8 25. Re1 Qf4 26. g3 Qg4 27. Qa3 c6 28.
b6 Qh5 29. Qa8+ Kd7 30. Ne5+ Ke8 31. Qxb7 Rxd4 32. Qxc6+ Rd7 33. Nxd7 Nxd7 34.
Rxe6+ Kd8 35. Qc7# 1-0

[Event "XIX. DBMM Schach"]
[Site "Billerbeck"]
[Date "2019.09.06"]
[Round "4.4"]
[White "Waltz, Juergen"]
[Black "Grunwald, Guenther"]
[Result "0-1"]
[WhiteElo "1400"]
[BlackElo "1619"]
[Annotator "br"]
[PlyCount "72"]
[EventDate "2019.09.??"]
[EventType "team-swiss"]
[EventRounds "7"]
[EventCountry "GER"]
[SourceTitle "XIX. DBMM 2019"]
[Source "FV Schach e.V."]
[SourceDate "2019.09.09"]
[SourceVersion "4"]
[SourceVersionDate "2019.10.16"]
[SourceQuality "1"]
[WhiteTeam "SG Airbus Bremen"]
[BlackTeam "Deutsche Bahn Oberhausen"]
[WhiteTeamCountry "GER"]
[BlackTeamCountry "GER"]

1. b3 Nf6 2. Bb2 e6 3. c4 Be7 4. Nf3 O-O 5. e3 c6 6. d4 d5 7. c5 b6 8. b4 a5 9.
a3 axb4 10. axb4 Rxa1 11. Bxa1 b5 12. Ne5 Ne8 13. Bd3 f5 14. O-O Qc7 15. Qh5
Nf6 16. Qh3 Nbd7 17. f4 Nxe5 18. fxe5 Ne4 19. Nc3 Qa7 20. Be2 Qa3 21. Nxe4 fxe4
22. Rxf8+ Bxf8 23. Bg4 Qxa1+ 24. Kf2 Qa8 25. Bxe6+ Bxe6 26. Qxe6+ Kh8 27. Qd7
Qa2+ 28. Kg3 Qe2 29. Qe8 Qxe3+ 30. Kg4 Qf2 31. e6 Qf6 32. Qxc6 e3 33. Qxb5
Qxe6+ 34. Kh4 e2 35. Qc6 e1=Q+ 36. g3 Q1e4+ 0-1

[Event "XIX. DBMM Schach"]
[Site "Billerbeck"]
[Date "2019.09.07"]
[Round "5.1"]
[White "Schramm, Christian"]
[Black "Schulz, Michael"]
[Result "1/2-1/2"]
[WhiteElo "2361"]
[BlackElo "2213"]
[Annotator "dgt"]
[PlyCount "115"]
[EventDate "2019.09.??"]
[EventType "team-swiss"]
[EventRounds "7"]
[EventCountry "GER"]
[SourceTitle "XIX. DBMM 2019"]
[Source "FV Schach e.V."]
[SourceDate "2019.09.09"]
[SourceVersion "4"]
[SourceVersionDate "2019.10.16"]
[SourceQuality "1"]
[WhiteTeam "AGI Frankfurt"]
[BlackTeam "SV Osram Berlin"]
[WhiteTeamCountry "GER"]
[BlackTeamCountry "GER"]

1. c4 e5 2. Nc3 Nf6 3. g3 d5 4. cxd5 Nxd5 5. Bg2 Nb6 6. d3 Be7 7. Nh3 O-O 8.
O-O Nc6 9. f4 Bxh3 10. Bxh3 exf4 11. Bxf4 Nd5 12. Nxd5 Qxd5 13. Bg2 Qc5+ 14.
Kh1 Bd6 15. Rc1 Qb6 16. Bxd6 cxd6 17. Bd5 Rae8 18. e4 Re7 19. Qb3 Qxb3 20. Bxb3
g6 21. a3 Kg7 22. Bd5 Ne5 23. Rc3 Ng4 24. Bb3 Rd8 25. h3 Nf6 26. Rfc1 a6 27.
Rc7 Rdd7 28. Rxd7 Rxd7 29. Kg2 Re7 30. Kf2 h5 31. Rc8 g5 32. Rd8 Rd7 33. Rb8
Rc7 34. Ke3 h4 35. gxh4 gxh4 36. Rd8 Rc6 37. Ba4 Rc1 38. Rxd6 Rh1 39. e5 Rxh3+
40. Kf4 Nh7 41. Rd7 Nf8 42. Rxb7 Rxd3 43. Bb3 Rd7 44. Rxd7 Nxd7 45. e6 fxe6 46.
Bxe6 Nc5 47. Bc4 a5 48. b4 axb4 49. axb4 Na4 50. Be6 Kf6 51. Bh3 Nc3 52. Bg2 h3
53. Bh1 Ke6 54. Ke3 Nd5+ 55. Bxd5+ Kxd5 56. Kf3 Kc4 57. Kg3 Kxb4 58. Kxh3
1/2-1/2

[Event "XIX. DBMM Schach"]
[Site "Billerbeck"]
[Date "2019.09.07"]
[Round "5.2"]
[White "Rath, Alina"]
[Black "Rietze, Clemens"]
[Result "0-1"]
[WhiteElo "2099"]
[BlackElo "2279"]
[Annotator "dgt"]
[PlyCount "76"]
[EventDate "2019.09.??"]
[EventType "team-swiss"]
[EventRounds "7"]
[EventCountry "GER"]
[SourceTitle "XIX. DBMM 2019"]
[Source "FV Schach e.V."]
[SourceDate "2019.09.09"]
[SourceVersion "4"]
[SourceVersionDate "2019.10.16"]
[SourceQuality "1"]
[WhiteTeam "SV Osram Berlin"]
[BlackTeam "AGI Frankfurt"]
[WhiteTeamCountry "GER"]
[BlackTeamCountry "GER"]

1. c4 e6 2. Nc3 d5 3. d4 Bb4 4. a3 Bxc3+ 5. bxc3 Nf6 6. e3 O-O 7. Nf3 b6 8.
cxd5 exd5 9. Bd3 c5 10. O-O Ba6 11. Bxa6 Nxa6 12. Qe2 Qc8 13. Ne5 Re8 14. f3
Nc7 15. e4 Ne6 16. Bb2 Qc7 17. Rae1 Rac8 18. Rf2 Red8 19. Qd2 b5 20. Qd3 Qb6
21. Rd1 a5 22. h4 cxd4 23. cxd4 b4 24. axb4 axb4 25. g3 Qb7 26. Re1 dxe4 27.
fxe4 Nc5 28. Qf3 Ncxe4 29. Nxf7 Rd7 30. Ne5 Nxf2 31. Qxf2 Rdc7 32. Re2 Qd5 33.
Nd3 b3 34. Nc5 Rf7 35. Qe1 Ng4 36. Re8+ Rxe8 37. Qxe8+ Rf8 38. Qe2 Nf2 0-1